000 nam a22 7a 4500
999 _c332205
_d332205
003 NUST
005 20171120100720.0
008 171120b xxu||||| |||| 00| 0 eng d
020 _a9789694164045
040 _cNUST
082 _a297.2
_bUMA
100 _aUmar, Muhammad Suhail
_96523
245 _aZanjir pari darwazy mein :
_bbab ijtehad band hony kay bary mein ikhtalafi aara ka aik jaiza/
_cby Muhammad Suhail Umar
260 _aLahore:
_bIqbal academy,
_c2008
300 _a59 p.
650 _aIslam- Ijtehad
_96524
880 _6100-01\(3\r
_aمحمد سہیل عمر
880 _6245-02\(3\r
_aزنجیر پڑی دروازے میں:
_bباب اجتہاد بند ہونے کے بارے میں اختلافی آرا کا ایک جائزہ
_cمحمد سہیل عمر
880 _6260-03\(3\r
_aلاہور:
_bاقبال اکادمی،
_c2008
942 _2ddc
_cBK